000 01488nam a2200337 4500
001 12313
003 ES-MaACL
005 20251220171058.0
007 t|
008 000000s1983 sp d ||||0| spa j
016 7 _zIBH8405800634
020 _a84-7492-194-5
040 _aIBH
_bspa
_cM-BN-DP
080 _a339.5:63(461.1)]:061.3(46)"1983"
080 _a63(461.1)
111 2 _aXornadas de Estudo sobor dos Recursos Básicos da Agricultura Galega (
_n1º.
_d1983.
_cSada (La Coruña)
_91127
245 1 0 _aI Xornadas de estudo sobor do tema Recursos Básicos da Agricultura Galega
_b: celebradas no Castro, Sada (A Coruña) os dias 11 e 12 de febreiro de 1983, e organizadas pola Area de Ciencias Agrarias do Seminario de Estudos Galegos.
260 _aSada, A Coruña :
_bEdiciós do Castro,
_c1983.
300 _a612 p :
_bgráf ;
_c24 cm.
490 1 _aPublicacións do Seminario de Estudos Galegos
490 1 _aCuadernos da Area de Ciencias Agrarias ;
_v4
500 _aIndice.
650 1 4 _aRecursos naturales-
_vCongresos y asambleas.
_916702
650 1 4 _aAgricultura-
_zGalicia-
_vCongresos y asambleas.
_99685
710 2 _aSeminario de Estudos Galegos.
_bArea de Ciencias Agrarias.
_96553
740 0 _aRecursos básicos da agricultura galega.
830 0 _aPublicacións do Seminario de Estudos Galegos
_9228280
830 0 0 _aCuadernos da Area de Ciencias Agrarias
_v4
_9228279
852 _aES-MaACL
_jL-19654
_bR.122737
999 _c12313
_d12313